| 000 | 00687nam a2200229 a 4500 | ||
|---|---|---|---|
| 008 | |||
| 020 | _a0435453173 (pbk. ) | ||
| 049 | _aMAIN | ||
| 090 |
_aHF5548.5 _bNEE |
||
| 100 | 1 | _aNeedham, Dave | |
| 245 | 1 | 0 |
_aHeinemann AVCE Advanced business: _btutor's file/ _cDave Needham and Rob Dransfield |
| 260 |
_aOxford : _bHeineman Educational Publishers, _c2001. |
||
| 300 |
_aiv, 235p. : _bill. ; _c30 cm. |
||
| 650 |
_aManagement _xbusiness. |
||
| 650 | 0 | _aBusiness studies | |
| 700 | _aDransfield,Rob. | ||
| 907 |
_a.b10223101 _b20-02-13 _c19-12-06 |
||
| 003 | |||
| 005 | 20230123134314.0 | ||
| 040 | _cNUST | ||
| 942 |
_cBOOKS _kHF5548.5 _mNEE |
||
| 999 |
_c163581 _d163581 |
||